| 000 | 00471nam a2200181Ia 4500 | ||
|---|---|---|---|
| 001 | 20820 | ||
| 005 | 20260306172833.0 | ||
| 008 | 260306t2013||||xx |||||||||||||| ||spa|| | ||
| 041 | _aESP | ||
| 082 |
_a343.8 _bC83 Nº 1 |
||
| 100 |
_aCosio Jara, Fernando _eAUT |
||
| 245 | 0 | _aReformas sobre simplificación administrativa en aduanas y tributos | |
| 260 | _c2013 | ||
| 300 |
_a353 páginas : _c29 cm. |
||
| 650 | _aGEN | ||
| 654 | _aCDE | ||
| 942 |
_cLIB _dJUS _fJUS _2ddc _n |
||
| 999 |
_c20820 _d20820 |
||